[Event "World Amateur Championship"]
[Site "Neos Marmaras GRE"]
[Date "2012.04.21"]
[Round "8"]
[White "Reyes Rios,Juan Camilo"]
[Black "Nikolaidou,E"]
[Result "1-0"]
[WhiteElo "1996"]
[BlackElo "1823"]

1.e4 c5 2.Nf3 Nc6 3.Nc3 d6 4.d4 cxd4 5.Nxd4 Nf6 6.Bg5 Bd7 7.Qd2 Rc8 8.O-O-O Nxd4
9.Qxd4 Qa5 10.f4 h6 11.Bh4 g5 12.e5 gxh4 13.exf6 e6 14.Kb1 Qc5 15.Qd2 d5
16.f5 Kd8 17.fxe6 fxe6 18.Be2 Kc7 19.Bf3 Kb8 20.Rhe1 Qb6 21.Qe3 Bc5 22.Qf4+ Bd6
23.Qd4 Bc5 24.Qe5+ Ka8 25.Rd3 Bb4 26.Red1 Bd6 27.Nxd5 Qc6 28.Nb6+ Qxb6 29.Rxd6 Qc7
30.Bxb7+ Qxb7 31.Rxd7 Qxg2 32.c3 Qg6+ 33.Ka1 Rhf8 34.Rxa7+ Kxa7 35.Rd7+ Kb6
36.Qd6+ Kb5 37.Rb7+  1-0

[Event "ch-FRA Juniors 2012"]
[Site "Nimes FRA"]
[Date "2012.04.21"]
[Round "9.4"]
[White "Sochacki,W"]
[Black "Di Nicolantonio,L"]
[Result "1/2-1/2"]
[WhiteElo "2239"]
[BlackElo "2322"]

1.e4 c5 2.Nc3 Nc6 3.Nge2 Nf6 4.d4 cxd4 5.Nxd4 e6 6.Ndb5 Bb4 7.a3 Bxc3+ 8.Nxc3 d5
9.exd5 exd5 10.Bd3 O-O 11.O-O d4 12.Ne2 Bg4 13.Bg5 Qd6 14.h3 Bh5 15.Qd2 Bxe2
16.Qxe2 Rfe8 17.Qf3 Ne5 18.Qf4 Rad8  1/2-1/2

[Event "ch-FRA Cadets 2012"]
[Site "Nimes FRA"]
[Date "2012.04.21"]
[Round "9.5"]
[White "Martin,Ax"]
[Black "Ollier,M"]
[Result "0-1"]
[WhiteElo "2039"]
[BlackElo "2181"]

1.e4 c5 2.Nc3 Nc6 3.Bb5 Nd4 4.Bc4 e6 5.Nf3 Ne7 6.O-O Nec6 7.Nxd4 cxd4 8.Ne2 Bc5
9.d3 O-O 10.Ng3 Ne5 11.Nh5 f5 12.exf5 Rxf5 13.Qg4 Rf7 14.Bg5 Qf8 15.a3 Nxc4
16.dxc4 d6 17.b4 Bb6 18.Qg3 e5 19.Rae1 g6 20.c5 Bc7 21.f4 e4 22.Rxe4 Bf5
23.Re2 Kh8 24.Nf6 Rxf6 25.Bxf6+ Qxf6 26.Rfe1 dxc5 27.Qf3 Rf8 28.Qxb7 Bxf4
29.bxc5 Be3+ 30.Kh1 Bg4  0-1

[Event "Grand Congress Open"]
[Site "Bournemouth ENG"]
[Date "2012.04.22"]
[Round "4.7"]
[White "Hamperl,F"]
[Black "Nevanlinna,R"]
[Result "0-1"]
[WhiteElo "2101"]
[BlackElo "2262"]

1.e4 c5 2.Nc3 Nc6 3.Bb5 g6 4.Bxc6 dxc6 5.d3 Bg7 6.f4 Nf6 7.Nf3 O-O 8.O-O c4
9.d4 b5 10.e5 Nd5 11.Ne4 f6 12.c3 Bh6 13.Nh4 fxe5 14.fxe5 Ne3 15.Rxf8+ Qxf8
16.Qf3 Bg4 17.Qxf8+ Rxf8 18.Bd2 Kg7 19.Re1 Nd5 20.Bxh6+ Kxh6 21.h3 Bc8 22.Kh2 Nf4
23.b3 Be6 24.Nc5 Bd5 25.Rf1 g5 26.g3 gxh4 27.gxf4 Rg8 28.Rf2 cxb3 29.axb3 Rg3
30.c4 bxc4 31.bxc4 Bxc4 32.f5 Bd5 33.f6 exf6 34.Rxf6+ Rg6 35.Rf2 a5 36.Re2 Kg7
37.e6 Kf8 38.Nd7+ Ke7 39.Nc5 Bxe6 40.Re4 Rh6 41.Nxe6 Rxe6 42.Rxh4 h6 43.Rh5 Rd6
44.Rxa5 Rxd4 45.Rh5 Rd6 46.Kg3 Rf6 47.h4 Kd6 48.Ra5 Kc7 49.h5 Kb6 50.Ra8 c5
51.Kg4 c4 52.Rg8 c3 53.Rg6 Rxg6+ 54.hxg6 c2  0-1

[Event "TCh-AUT 1st Bundesliga 2012"]
[Site "Jenbach AUT"]
[Date "2012.04.22"]
[Round "11"]
[White "Polzin,R"]
[Black "Jankovic,A"]
[Result "1/2-1/2"]
[WhiteElo "2460"]
[BlackElo "2568"]

1.e4 c5 2.Nc3 Nc6 3.Bb5 Nd4 4.Bc4 e6 5.Nf3 Nf6 6.O-O a6 7.d3 b5 8.Bb3 Nxb3
9.axb3 Bb7 10.e5 Ng4 11.Re1 d6 12.Bf4 Be7 13.exd6 Bxd6 14.Bxd6 Qxd6 15.Ne4 Qe7
16.Qd2 Nf6 17.Qf4 Nxe4 18.dxe4 O-O 19.Rad1 Rfd8 20.e5 Bd5 21.c4 bxc4 22.bxc4  1/2-1/2

[Event "Russian Junior Girls 2012"]
[Site "Sochi RUS"]
[Date "2012.04.23"]
[Round "6"]
[White "Rjanova,V"]
[Black "Matveeva,O"]
[Result "1-0"]
[WhiteElo "2222"]
[BlackElo "2211"]

1.e4 c5 2.Nf3 Nc6 3.Nc3 g6 4.d4 cxd4 5.Nxd4 Bg7 6.Be3 Nf6 7.Bc4 O-O 8.Bb3 d6
9.f3 Bd7 10.Qd2 Nxd4 11.Bxd4 b5 12.h4 a5 13.h5 e5 14.Be3 a4 15.Bd5 b4 16.Bxa8 bxc3
17.bxc3 Qxa8 18.h6 Bh8 19.Qxd6 Be6 20.O-O Rd8 21.Qa3 Nh5 22.Rfd1 Rc8 23.Rab1 Nf4
24.Kf2 Bf6 25.g3 Nh3+ 26.Kg2 Qa6 27.Re1 Ng5 28.Rb4 Ra8 29.Rb6 Qc8 30.Qc5 Qxc5
31.Bxc5 Bd8 32.Rb4 f5 33.exf5 Bxf5 34.Rxe5 Bf6 35.Re2 Nf7 36.Rxa4 Rc8 37.Bd4 Bxd4
38.cxd4 Nxh6 39.c4 Bd3 40.Re3 Bc2 41.Ra7 Nf5 42.Rc3 Re8 43.g4 Re2+ 44.Kh3 Nxd4
45.Rd7 Ne6 46.Ra3 Ng5+ 47.Kh4 Nf7 48.c5 g5+ 49.Kg3 Re6 50.Raa7 Bg6 51.Rdb7 Ne5
52.Ra8+ Be8 53.Rb6 Re7 54.a4 Kf7 55.Raa6 Nd7 56.Rh6 Nxc5 57.Rxh7+ Kf8 58.Rxe7 Kxe7
59.Ra7+ Kf6 60.a5 Bb5 61.Rc7 Na6 62.Rb7 Bd3 63.f4 gxf4+ 64.Kxf4 Nc5 65.Rb6+ Kf7
66.Rc6 Na6 67.g5 Nb4 68.Rd6 Bf1 69.Kf5 Bh3+ 70.Ke5 Bc8 71.Rb6 Na6 72.Rf6+ Kg7
73.Kd6 Nb4 74.Kc7 Ba6 75.Kb6 Be2 76.Re6 Bd3 77.Kb7 Bc4 78.Rd6 Be2 79.Rb6 Bf3+
80.Kc8 Bg4+ 81.Kb8 Nd5 82.Rb5 Nc3 83.Rb7+ Kg6 84.a6  1-0

[Event "1st Open Internaziunale d'Aiacciu"]
[Site "Ajaccio FRA"]
[Date "2012.04.25"]
[Round "2.1"]
[White "Guillemart,S"]
[Black "Hamdouchi,H"]
[Result "0-1"]
[WhiteElo "1745"]
[BlackElo "2617"]

1.e4 c5 2.Nf3 Nc6 3.Nc3 g6 4.d4 cxd4 5.Nxd4 Bg7 6.Be3 Nf6 7.Bc4 O-O 8.Bb3 d6
9.f3 Bd7 10.Qd2 Na5 11.h4 Rc8 12.O-O-O Nc4 13.Bxc4 Rxc4 14.g4 Qa5 15.Nb3 Qa6
16.Bh6 Rfc8 17.Kb1 Rxc3 18.bxc3 Bh8 19.Be3 Bxg4 20.fxg4 Nxe4 21.Qd3 Nxc3+
22.Kc1 Qa4 23.h5 Nxa2+ 24.Kd2 Nb4 25.Qe4 Rxc2+ 26.Ke1 Qxb3 27.Qxe7 Bc3+ 28.Kf1 Qc4+  0-1

[Event "Nakhchivan Open 2012"]
[Site "Nakhchivan AZE"]
[Date "2012.04.28"]
[Round "1.9"]
[White "Guseinov,G"]
[Black "Asgarov,M"]
[Result "1-0"]
[WhiteElo "2616"]
[BlackElo "2257"]

1.e4 c5 2.Nc3 Nc6 3.Nf3 e5 4.Bc4 Be7 5.d3 Nf6 6.Ng5 O-O 7.O-O h6 8.f4 exf4
9.Nf3 d6 10.Bxf4 Be6 11.Nd5 Bxd5 12.Bxd5 Nxd5 13.exd5 Ne5 14.Bxe5 dxe5 15.c4 Bf6
16.Qe2 Qe7 17.Rae1 g6 18.Kh1 Bg7 19.g4 Rae8 20.Qg2 Kh7 21.Re2 f5 22.gxf5 Rxf5
23.Nd2 Ref8 24.Ref2 h5 25.Ne4 Bh6 26.Rxf5 Rxf5 27.d6 Qe6 28.Rxf5 gxf5 29.Qg5  1-0

[Event "TCh-AUT 2 Ost 2011-12"]
[Site "Bruck AUT"]
[Date "2012.04.29"]
[Round "11"]
[White "Geismann,B"]
[Black "Volkmann,F"]
[Result "0-1"]
[WhiteElo "2125"]
[BlackElo "2410"]

1.e4 c5 2.Nc3 Nc6 3.Bb5 Nd4 4.Bc4 e6 5.Nge2 Nf6 6.O-O a6 7.d3 b5 8.Bb3 Nxb3
9.axb3 Bb7 10.Bg5 h6 11.Bxf6 Qxf6 12.f4 Qd8 13.Qe1 Qc7 14.Qg3 O-O-O 15.Kh1 g6
16.Ng1 g5  0-1

[Event "Ostravsky Konik A"]
[Site "Ostrava CZE"]
[Date "2012.04.30"]
[Round "3.14"]
[White "Kolar,St"]
[Black "Vesely,Ma"]
[Result "1-0"]
[WhiteElo "2061"]
[BlackElo "2196"]

1.e4 c5 2.Nf3 Nc6 3.Nc3 d6 4.Bc4 e6 5.O-O Be7 6.d4 a6 7.d5 Na5 8.Be2 e5 9.a4 Nf6
10.h3 O-O 11.Bg5 Nxd5 12.Nxd5 Bxg5 13.Nxg5 Qxg5 14.Bg4 Bxg4 15.Qxg4 Qxg4
16.hxg4 Nc6 17.Nb6 Rad8 18.Rfd1 Rfe8 19.Rd2 Re6 20.Ra3 Kf8 21.Rh3 h6 22.c3 Rg6
23.f3 Ke8 24.Kf2 Ne7 25.Rh1 Nc8 26.Nd5 Kd7 27.b4 cxb4 28.cxb4 Ne7 29.Nb6+ Kc7
30.a5 Nc6 31.Rc1 Rh8 32.Rdc2 h5 33.gxh5 Rxh5 34.b5 axb5 35.Nd5+ Kb8 36.a6 Rh2
37.Ne3 Na5 38.Rc8+ Ka7 39.axb7 Nxb7 40.Ra1+ Na5 41.Rxa5+ Kb6 42.Nd5+ Kb7
43.Rc7+ Kb8 44.Rxb5+ Ka8 45.Ne3  1-0

[Event "Ostravsky Konik A"]
[Site "Ostrava CZE"]
[Date "2012.04.30"]
[Round "3.25"]
[White "Cihal,J"]
[Black "Papan,C"]
[Result "1/2-1/2"]
[WhiteElo "1901"]
[BlackElo "2059"]

1.e4 c5 2.Nc3 Nc6 3.Bb5 Nd4 4.Bc4 d6 5.d3 a6 6.Nce2 e5 7.Nxd4 cxd4 8.c3 dxc3
9.bxc3 Nf6 10.Nf3 Bg4 11.Qb3 Qd7 12.a4 Bh5 13.h3 Rc8 14.Nh4 Be7 15.Nf5 O-O
16.Bg5 Bg6 17.Nxe7+ Qxe7 18.O-O h6 19.Bh4 Qc7 20.Bxf6 gxf6 21.Rab1 Bxe4 22.dxe4 Qxc4
23.Qxb7 Rc7 24.Qd5 Rd8 25.Rb6 Qxa4 26.Rfb1 Qc4 27.Rb8 Rdc8 28.Qxd6 Kg7 29.Rxc8 Rxc8
30.Rb6 Qe6 31.Qxe6 fxe6 32.Rxa6 Rxc3 33.Rxe6 Kg6 34.h4 Rc2 35.f3 h5 36.Kh2 Re2
37.Rd6 Rf2 38.Kg3 Rf1 39.Rd2 Kg7 40.Rf2 Re1 41.Rc2 Rf1 42.Rc3 Kg6 43.Kh2 Rf2
44.Re3 Kg7 45.Kg1  1/2-1/2

[Event "3rd Royal Residence Cup"]
[Site "Zhovkva UKR"]
[Date "2012.04.30"]
[Round "9"]
[White "Shkuran,D"]
[Black "Jurcik,Mart"]
[Result "1/2-1/2"]
[WhiteElo "2350"]
[BlackElo "2348"]

1.e4 c5 2.Nf3 Nc6 3.Nc3 g6 4.d4 cxd4 5.Nxd4 Bg7 6.Nde2 Nf6 7.g3 O-O 8.Bg2 d6
9.O-O Rb8 10.a4 a6 11.Nf4 b5 12.axb5 axb5 13.Ncd5 Nxd5 14.Nxd5 e6 15.Ne3  1/2-1/2

[Event "Ostravsky Konik A"]
[Site "Ostrava CZE"]
[Date "2012.05.01"]
[Round "4.11"]
[White "Weissmann,L"]
[Black "Firt,S"]
[Result "1/2-1/2"]
[WhiteElo "2123"]
[BlackElo "2294"]

1.e4 c5 2.Nf3 Nc6 3.Nc3 d6 4.d4 cxd4 5.Nxd4 Nf6 6.Bc4 e6 7.Be3 a6 8.Bb3 Na5
9.Qe2 b5 10.f3 Be7 11.g4 Nxb3 12.axb3 Bb7 13.O-O-O Nd7 14.h4 b4 15.Na4 d5
16.exd5 Bxd5 17.Nf5 O-O 18.g5 Re8 19.Qf2 Qc7 20.Kb1  1/2-1/2

[Event "Copenhagen Chess Challenge 2012"]
[Site "Ballerup DEN"]
[Date "2012.05.02"]
[Round "1"]
[White "Hector,J"]
[Black "Poulsen,I"]
[Result "1-0"]
[WhiteElo "2560"]
[BlackElo "2084"]

1.e4 c5 2.Nf3 Nc6 3.Nc3 Nf6 4.Bb5 Nd4 5.e5 Nxb5 6.Nxb5 Nd5 7.Ng5 e6 8.Ne4 Qh4
9.Qf3 f5 10.Ned6+ Bxd6 11.Nxd6+ Kf8 12.Nxf5 exf5 13.Qxd5 Qe4+ 14.Qxe4 fxe4
15.O-O b6 16.f3 Ba6 17.Rf2 Ke7 18.fxe4 Rhf8 19.d3 Rxf2 20.Kxf2 Rf8+ 21.Kg1 Ke6
22.b3 Bb7 23.Bb2 g5 24.Re1 a5 25.Re3 a4 26.Rh3 Rf7 27.Rh6+  1-0

[Event "MMM Open 2012"]
[Site "Krakow POL"]
[Date "2012.05.02"]
[Round "4.6"]
[White "Betkowski,A"]
[Black "Bus,Konrad"]
[Result "1/2-1/2"]
[WhiteElo "2186"]
[BlackElo "1994"]

1.e4 c5 2.Nc3 Nc6 3.Nge2 g6 4.d4 cxd4 5.Nxd4 Bg7 6.Be3 d6 7.Be2 Nf6 8.Nb3 O-O
9.f4 a6 10.Bf3 Qc7 11.O-O Rb8 12.g4 e6 13.f5 Nd7 14.Qc1 Re8 15.Bh6 Bh8 16.fxe6 fxe6
17.Be2 Nde5 18.Qd2 b5 19.Rf2 Bb7 20.Raf1 Bg7 21.Bxg7 Kxg7 22.Nd1 Rf8 23.Rxf8 Rxf8  1/2-1/2

[Event "Copenhagen Chess Challenge 2012"]
[Site "Ballerup DEN"]
[Date "2012.05.03"]
[Round "2"]
[White "Christensen,To"]
[Black "Wilbrandt,Simon Pil"]
[Result "1-0"]
[WhiteElo "2363"]
[BlackElo "1949"]

1.e4 c5 2.Nc3 Nc6 3.Bb5 g6 4.Nge2 Bg7 5.O-O e6 6.d3 Nge7 7.Bf4 d6 8.Qd2 a6
9.Bxc6+ Nxc6 10.Be3 O-O 11.d4 cxd4 12.Nxd4 Ne5 13.b3 Qc7 14.f3 b6 15.Rad1 Rd8
16.Nde2 Rb8 17.a4 Bb7 18.Bd4 Rd7 19.Qe3 Ba8 20.Rc1 h5 21.h3 d5 22.exd5 Bxd5
23.Nxd5 Rxd5 24.c4 Rd7 25.Rcd1 Nc6 26.Bxb6 Qb7 27.a5 Ne7 28.Qe4 Nf5 29.Qxb7 Rbxb7
30.g4 hxg4 31.hxg4 Ne7 32.Ng3 Nc6 33.Ne4 Bd4+ 34.Kg2 Kg7 35.Bxd4+ Rxd4 36.Nc5 Rb4
37.Rxd4 Nxd4 38.Rb1 Kf6 39.Kf2 Ke7 40.Ke3 e5 41.f4 Kd6 42.Ne4+ Ke6 43.Nd2 Nc6
44.fxe5 Nxe5 45.Re1 Nc6 46.Kd3+ Kf6 47.Ne4+ Kg7 48.Kc3 Rb8 49.Nc5 Nxa5 50.b4 Nc6
51.Nxa6 Rh8 52.Re3 Rh4 53.b5 Nd8 54.c5 Rxg4 55.c6 Rg1 56.Kb4 Rc1 57.Nc5 Ra1
58.c7 Ra8 59.Rd3 Nc6+ 60.bxc6 Rc8 61.Na6  1-0

[Event "NK Jeugd A 2012"]
[Site "Haarlem NED"]
[Date "2012.05.04"]
[Round "7.6"]
[White "Bijlsma,N"]
[Black "Kollen,Z"]
[Result "1/2-1/2"]
[WhiteElo "2144"]
[BlackElo "2128"]

1.e4 c5 2.Nf3 Nc6 3.Nc3 Nf6 4.Bb5 Qc7 5.O-O g6 6.Re1 a6 7.Bxc6 dxc6 8.d4 cxd4
9.Qxd4 Bg7 10.e5 Nd7 11.Bg5 Nf8 12.Qe3 Bg4 13.Bf6 Ne6 14.Bxg7 Nxg7 15.Ng5 Ne6
16.Nxe6 Bxe6 17.Rad1 Rd8 18.Rxd8+ Kxd8 19.Qa7 Kc8 20.b4 Rd8 21.Qe3 Qd7 22.h3 Qd2
23.a3 Qxe3 24.Rxe3 h6 25.Ne4 Rd1+ 26.Kh2 Rc1 27.Nc5 Rxc2 28.Nxe6 fxe6 29.Rg3 g5
30.h4 Rxf2 31.hxg5 hxg5 32.Rxg5 Rf5 33.Rg8+ Kc7 34.Re8 Kd7 35.Rb8 Kc7 36.Re8 Kd7
37.Rb8 Kc7 38.Re8  1/2-1/2

[Event "ch-LAT 2012"]
[Site "Riga LAT"]
[Date "2012.05.04"]
[Round "8"]
[White "Marutkins,O"]
[Black "Sveshnikov,V"]
[Result "0-1"]
[WhiteElo "1970"]
[BlackElo "2426"]

1.e4 c5 2.Nf3 Nc6 3.Nc3 e5 4.Bc4 Be7 5.d3 Nf6 6.Nd2 a6 7.a4 d6 8.Nf1 Bg4
9.f3 Be6 10.Ne3 Nb4 11.Bd2 O-O 12.O-O Qd7 13.Ncd5 Nbxd5 14.exd5 Bf5 15.f4 exf4
16.Nxf5 Qxf5 17.Rxf4 Qd7 18.a5 Ne8 19.Bc3 Bf6 20.Bxf6 Nxf6 21.Qf3 Rae8 22.h3 Re5
23.d4 cxd4 24.Rxd4 Rfe8 25.Bd3 Qe7 26.Rf1 Re1 27.Rb4 Rxf1+ 28.Bxf1 Qc7 29.Kh2 Re7
30.Qb3 g6 31.Rf4 Kg7 32.Qb4 Nxd5 33.Qd4+ Re5 34.Rf3 Qxa5 35.c4 Ne7 36.Qxd6 Nf5
37.Qb8 Re7 38.Bd3 Nd4 39.Rf4 Nc6 40.Qd6 Re6 41.Qd5 Qc7 42.g3 Qe7 43.Be4 g5
44.Qf5 Rg6 45.Rf2 Qf6 46.Qc5 Qd6 47.Qe3 Qe5 48.Qf3 Rf6 49.Qxf6+ Qxf6 50.Rxf6 Kxf6
51.Bxh7 b6 52.Be4 Ne5 53.Bd5 Nd3 54.b3 Nc5 55.b4 Nd3 56.c5 bxc5 57.bxc5 Nxc5
58.h4 g4 59.Kg2 Ne6 60.Kf2 a5 61.Bb3 Ng7 62.Ke3 Kg6 63.Kf4 f5 64.Ke3 Nh5
65.Kf2 Kf6 66.Ba4 Ke5 67.Be8 Nf6 68.Bb5 Ne4+ 69.Kg2 Kf6 70.Bd7 Nc5 71.Bb5 a4
72.Bc4 Ne4 73.Bg8 a3  0-1

[Event "Copenhagen Chess Challenge 2012"]
[Site "Ballerup DEN"]
[Date "2012.05.05"]
[Round "6"]
[White "Thuesen,M"]
[Black "Poulsen,I"]
[Result "1-0"]
[WhiteElo "2242"]
[BlackElo "2084"]

1.e4 c5 2.Nc3 Nc6 3.Bb5 Nd4 4.Bc4 g6 5.Nf3 Bg7 6.Nxd4 cxd4 7.Qf3 e6 8.Nb5 d6
9.Qa3 Ke7 10.c3 dxc3 11.dxc3 a6 12.Nd4 Qc7 13.Be2 Bd7 14.Be3 Rc8 15.f4 Nf6
16.Bf3 Ke8 17.O-O e5 18.Nc2 Bf8 19.Nb4 Be7 20.Rad1 Kf8 21.Nd5 Nxd5 22.exd5 exf4
23.Bd4 f6 24.Be2 g5 25.c4 h5 26.g3 Kf7 27.gxf4 g4 28.b4 Rcg8 29.f5 Qc8 30.Qe3 h4
31.Bd3 Rg7 32.Rde1 Qf8 33.c5 g3 34.h3 Kg8 35.Be4 Bb5 36.Rf4 Qf7 37.Bc2 Rhh7
38.Bb3 Kh8 39.a4 Bd7 40.c6 Bc8 41.b5 Qh5 42.Bd1 Qf7 43.Bf3 g2 44.Qxe7 Qxe7
45.Rxe7 Rxe7 46.Bxf6+ Kg8 47.Bxe7 Rxe7 48.Re4 Rxe4 49.Bxe4 axb5 50.axb5 b6
51.Kxg2 Kf7 52.Kf3 Kf6 53.Kf4 Kg7 54.Kg5 Kf7 55.Bf3  1-0

[Event "NK Jeugd A 2012"]
[Site "Haarlem NED"]
[Date "2012.05.05"]
[Round "8.5"]
[White "Von Meijenfeldt,Bart"]
[Black "Bijlsma,N"]
[Result "0-1"]
[WhiteElo "2144"]
[BlackElo "2144"]

1.e4 c5 2.Nc3 Nc6 3.Bb5 Nd4 4.Bc4 e6 5.Nge2 a6 6.d3 b5 7.Bb3 Bd6 8.Nxd4 cxd4
9.Ne2 Bc5 10.c3 dxc3 11.bxc3 Ne7 12.O-O O-O 13.d4 Bb6 14.Ba3 Bb7 15.Ng3 Kh8
16.Bc2 Rc8 17.Qd3 g6 18.e5 f5 19.exf6 Rxf6 20.Ne4 Bxe4 21.Qxe4 Nd5 22.Bc1 Nxc3
23.Qh4 Ne2+ 24.Kh1 Rxc2 25.Bg5 Bxd4 26.Rad1 Bb2 27.Rb1 Rc4 28.f4 Bd4 29.Rbd1 Kg7
30.Qh6+ Kg8 31.Qh4 Qf8 32.Rd2 Rf5 33.Bh6 Bf6 34.Qh3 Nxf4 35.Qe3 Qxh6 36.Rxd7 Qf8
37.h3 Kh8 38.Qa7 Bg7 39.Rfd1 Nd5  0-1

[Event "Nakhchivan Open 2012"]
[Site "Nakhchivan AZE"]
[Date "2012.05.05"]
[Round "8.5"]
[White "Guseinov,G"]
[Black "Mamedov,Rau"]
[Result "1/2-1/2"]
[WhiteElo "2616"]
[BlackElo "2624"]

1.e4 c5 2.Nf3 Nc6 3.Nc3 g6 4.d4 cxd4 5.Nxd4 Bg7 6.Be3 Nf6 7.Bc4 Qa5 8.O-O O-O
9.Bb3 d6 10.h3 Bd7 11.Re1 Rac8 12.f4 Nxd4 13.Bxd4 Bc6 14.Nd5 Bxd5 15.exd5 Rfe8
16.c4 a6 17.Bc3 Qc5+ 18.Bd4 Qa5  1/2-1/2

[Event "Vienna Ladies 2012"]
[Site "Vienna AUT"]
[Date "2012.05.05"]
[Round "1.5"]
[White "Pokorna,Reg"]
[Black "Newrkla,K"]
[Result "1-0"]
[WhiteElo "2355"]
[BlackElo "2162"]

1.e4 c5 2.Nc3 Nc6 3.Nf3 g6 4.d4 cxd4 5.Nxd4 Bg7 6.Be3 Nf6 7.Bc4 d6 8.f3 O-O
9.Qd2 Bd7 10.O-O-O Rc8 11.Bb3 Ne5 12.h4 Nc4 13.Bxc4 Rxc4 14.Kb1 b5 15.h5 b4
16.Nce2 a5 17.Bh6 e5 18.Bxg7 Kxg7 19.Nb3 a4 20.Nbc1 Qc7 21.h6+ Kg8 22.Qxd6 Be6
23.Qxc7 Rxc7 24.Rd6 Rfc8 25.Rhd1 Kf8 26.Rd8+ Ke7 27.Rxc8 Rxc8 28.b3 Nd7 29.Nd3 axb3
30.axb3 Rb8 31.Nec1 f5 32.Na2 fxe4 33.fxe4 Rb5 34.Naxb4 Nf6 35.Nc6+ Ke8 36.Ndxe5  1-0

[Event "Copenhagen Chess Challenge 2012"]
[Site "Ballerup DEN"]
[Date "2012.05.06"]
[Round "9"]
[White "Poulsen,I"]
[Black "Vesterli,M"]
[Result "1/2-1/2"]
[WhiteElo "2084"]
[BlackElo "2030"]

1.e4 c5 2.Nc3 Nc6 3.Nf3 d6 4.d4 cxd4 5.Nxd4 Nf6 6.f4 e5 7.Nf3 a6 8.fxe5 Nxe5
9.Nxe5 dxe5 10.Qxd8+ Kxd8 11.Bg5 Be7 12.Bxf6 Bxf6 13.O-O-O+ Kc7 14.Nd5+ Kc6
15.Nxf6 gxf6 16.Bc4 Be6 17.Bxe6 fxe6 18.Rhf1 Raf8 19.Kd2 Rhg8 20.g3 Rg4 21.Ke3 f5
22.exf5 exf5 23.Rd2 h5 24.Rdf2 Rg5 25.Kd3 Kd6 26.c4 Ke6 27.c5 h4 28.gxh4 Rh5
29.Rc1 Rc8 30.Rg2 Rc7 31.Rg6+ Kd7 32.Rg5 Rxh4 33.Rxf5 Rxh2  1/2-1/2

[Event "Asian Continental 2012"]
[Site "Ho Chi Minh City VIE"]
[Date "2012.05.07"]
[Round "3.27"]
[White "Djuraev,S"]
[Black "Wan Yunguo"]
[Result "0-1"]
[WhiteElo "2375"]
[BlackElo "2456"]

1.e4 c5 2.Ne2 Nc6 3.Nbc3 g6 4.g3 Bg7 5.Bg2 e5 6.O-O Nge7 7.d3 d6 8.f4 O-O
9.h3 f5 10.fxe5 dxe5 11.Be3 Nd4 12.Nd5 Be6 13.Nec3 Nec6 14.Qd2 Qd7 15.Kh2 Rf7
16.Na4 Qd6 17.c3 f4 18.cxd4 fxe3 19.dxc5 Qxd5 20.exd5 exd2 21.dxe6 Rxf1 22.Rxf1 e4
23.Bxe4 Rf8 24.Rxf8+ Kxf8 25.Bf3 Nd4 26.Bd1 Nf5 27.b4 Ne3 28.Bb3 d1=Q 29.Bxd1 Nxd1
30.b5 Ke7 31.c6 bxc6 32.bxc6 Kxe6 33.Nc5+ Kd6 34.c7 Kxc7 35.Ne6+ Kd7 36.Nxg7 Ke7  0-1

[Event "FSGM May 2012"]
[Site "Budapest HUN"]
[Date "2012.05.09"]
[Round "5"]
[White "Simonian,H"]
[Black "Arngrimsson,D"]
[Result "1/2-1/2"]
[WhiteElo "2475"]
[BlackElo "2381"]

1.e4 c5 2.Nc3 Nc6 3.Bb5 Nd4 4.Bc4 e6 5.Nge2 Nf6 6.O-O a6 7.a4 d5 8.exd5 exd5
9.Ba2 Bg4 10.h3 Bxe2 11.Nxe2 Ne6 12.d3 Bd6 13.Nc3 Bc7 14.f4 Qd6  1/2-1/2

[Event "FSFMB May 2012"]
[Site "Budapest HUN"]
[Date "2012.05.10"]
[Round "6"]
[White "Mayer,I"]
[Black "Nemeth,O"]
[Result "1-0"]
[WhiteElo "2038"]
[BlackElo "1858"]

1.e4 c5 2.Nf3 Nc6 3.Nc3 d6 4.d4 cxd4 5.Nxd4 Bd7 6.Be3 Nf6 7.f3 a6 8.Qd2 Rc8
9.Nd5 Nxd5 10.exd5 Nxd4 11.Bxd4 e5 12.dxe6 Bxe6 13.O-O-O Bxa2 14.Re1+ Be6
15.f4 Be7 16.Bxg7 Rg8 17.Bc3 Rc5 18.Bd3 Qd7 19.g4 Rxg4 20.Rhg1 h5 21.h3 Rxg1
22.Rxg1 Qa4 23.b3 Bxb3 24.f5 f6 25.Rg7 b5 26.Qe2 Bf7 27.Bxf6 Qf4+ 28.Kd1 Re5
29.Bxe5 dxe5 30.Qg2 Qd4 31.Rxf7 Kxf7 32.Qg6+ Kf8 33.f6 Bb4 34.Qg7+ Ke8 35.f7+ Kd8
36.f8=Q+ Bxf8 37.Qxf8+ Kc7 38.Qf7+ Kb6 39.Ke2 h4 40.Qf2 Kc5 41.Qf8+ Kc6 42.Qa8+ Kb6
43.Be4 Qc4+ 44.Kf3 b4 45.Bd3 Qf4+ 46.Ke2 Qh2+ 47.Kd1 Qg1+ 48.Kd2 Qf2+ 49.Kc1 Qe1+
50.Kb2 Qc3+ 51.Kb1 a5 52.Qa6+ Kc5 53.Qxa5+ Kd6 54.Qd8+ Ke6 55.Qxh4 b3 56.Qc4+  1-0

[Event "FSGM May 2012"]
[Site "Budapest HUN"]
[Date "2012.05.11"]
[Round "7"]
[White "Simonian,H"]
[Black "Wittmann,W"]
[Result "1-0"]
[WhiteElo "2475"]
[BlackElo "2276"]

1.e4 c5 2.Nc3 Nc6 3.Bb5 Nd4 4.Bc4 e6 5.Nge2 Nf6 6.O-O a6 7.d3 b5 8.Bb3 Nxb3
9.axb3 Bb7 10.Ng3 d6 11.f4 h5 12.Qf3 h4 13.Nge2 b4 14.Nd1 d5 15.e5 Nd7 16.d4 cxd4
17.Nxd4 Bc5 18.Be3 Qb6 19.c3 a5 20.Nf2 Ba6 21.Rfe1 g6 22.h3 Nb8 23.Ng4 Nd7
24.Bf2 Bb7 25.Kh1 Ra6 26.Qd3 Ra8 27.Red1 Ba6 28.Qd2 Bb7 29.Qe1 Ba6 30.Bxh4 bxc3
31.bxc3 Bxd4 32.Rxd4 Qxb3 33.Rxa5 Qb6 34.Rda4 Qc6 35.Nf6+ Nxf6 36.Bxf6 Rh5
37.Qa1 Rxh3+ 38.gxh3 d4+ 39.Kg1 Qf3 40.Qe1 dxc3 41.Rxa6 Rc8 42.Rd6 c2 43.Rad4  1-0

[Event "Asian Continental 2012"]
[Site "Ho Chi Minh City VIE"]
[Date "2012.05.11"]
[Round "7.15"]
[White "Zhao Jun"]
[Black "Ma Qun"]
[Result "0-1"]
[WhiteElo "2577"]
[BlackElo "2481"]

1.e4 c5 2.Nf3 Nc6 3.Nc3 g6 4.d4 cxd4 5.Nxd4 Bg7 6.Be3 Nf6 7.Bc4 O-O 8.Bb3 d6
9.f3 Bd7 10.h4 h5 11.Qd2 Rc8 12.O-O-O Ne5 13.Bg5 Rc5 14.Kb1 b5 15.g4 a5 16.gxh5 a4
17.h6 Bh8 18.h7+ Nxh7 19.Bd5 b4 20.Nce2 Qe8 21.Bh6 e6 22.Bxf8 Qxf8 23.Bb7 Nc4
24.Qxb4 Nxb2 25.Qxb2 Rb5 26.Qxb5 Bxb5 27.Nxb5 Qb8 28.Ba6 d5 29.exd5 Qb6 30.d6 Qxa6
31.c4 Qa5 32.a3 Nf8 33.h5 Qa8 34.hxg6 fxg6 35.Rd3 Qc6 36.Rc1 Nd7 37.Ned4 Qc5
38.f4 Bf6 39.Rc2 Kf7 40.Ka2 Qh5 41.Rdd2 Nc5 42.d7 Nxd7 43.Nd6+ Kg8 44.Ne4 Bh8
45.Rb2 Qh1 46.Rb7 Nf8 47.Nd6 Qf1 48.Rbb2 Qxf4 49.N6b5 e5 50.Rf2 Qe4 51.Nc2 Qxc4+
52.Kb1 Qh4 53.Re2 Qc4 54.Re1 Qd3 55.Nc7 e4 56.Rb7 e3 57.Rc1 e2 58.Ka2 Qc4+
59.Kb1 Qc6  0-1

[Event "Asian Continental 2012"]
[Site "Ho Chi Minh City VIE"]
[Date "2012.05.11"]
[Round "7.9"]
[White "Zhou Jianchao"]
[Black "Gundavaa,B"]
[Result "0-1"]
[WhiteElo "2609"]
[BlackElo "2516"]

1.e4 c5 2.Nf3 Nc6 3.Nc3 g6 4.d4 cxd4 5.Nxd4 Bg7 6.Be3 Nf6 7.Bc4 O-O 8.Bb3 d6
9.f3 Bd7 10.Qd2 Na5 11.Bh6 Nxb3 12.axb3 Bxh6 13.Qxh6 e5 14.Nde2 b5 15.Qd2 Qb6
16.Rd1 b4 17.Nd5 Nxd5 18.Qxd5 Bc6 19.Qxd6 Rad8 20.Qxe5 Rxd1+ 21.Kxd1 Rd8+
22.Ke1 Bb5 23.c3 Qa6 24.Nc1 Qa1 25.Kf2 Qxb2+ 26.Kg3 a6 27.Qc7 Rd2 28.c4 Bd7
29.Ne2 Rxe2 30.Qxd7 Rxg2+ 31.Kh3 Kg7 32.Qe7 h6 33.f4 Qe2  0-1

[Event "Asian Continental 2012"]
[Site "Ho Chi Minh City VIE"]
[Date "2012.05.11"]
[Round "7.2"]
[White "Paragua,M"]
[Black "Yu Yangyi"]
[Result "0-1"]
[WhiteElo "2521"]
[BlackElo "2626"]

1.e4 c5 2.Nf3 Nc6 3.Nc3 d6 4.d4 cxd4 5.Nxd4 Nf6 6.Be2 e5 7.Nb3 Be7 8.O-O O-O
9.f4 a5 10.a4 Nb4 11.Kh1 h6 12.Be3 Be6 13.f5 Bd7 14.Bf3 d5 15.Bc5 d4 16.Ne2 b5
17.c3 bxa4 18.Bxe7 Qxe7 19.Nbxd4 Na6 20.Nc2 Nc5 21.Ne3 Rab8 22.Qc2 Rb3 23.Nc4 Rfb8
24.Rfd1 Bc6 25.Nc1 R3b5 26.Nd3 Nxd3 27.Qxd3 Rc5 28.Rd2 Bb5 29.Qd6 Qxd6 30.Nxd6 Bc6
31.g4 Kf8 32.h4 Rd8 33.Rad1 a3 34.g5 hxg5 35.hxg5 axb2 36.gxf6 Rxc3 37.fxg7+ Kxg7
38.Rxb2 Rxf3 39.Kg2 Rf4 40.Kg3 Rg8 41.Rb6 Kh6+  0-1

[Event "Vienna Ladies 2012"]
[Site "Vienna AUT"]
[Date "2012.05.11"]
[Round "7.2"]
[White "Pokorna,Reg"]
[Black "Osmanodja,F"]
[Result "1/2-1/2"]
[WhiteElo "2355"]
[BlackElo "2160"]

1.e4 c5 2.Nc3 Nc6 3.Nf3 d6 4.d4 cxd4 5.Nxd4 Nf6 6.g3 e5 7.Nde2 Bg4 8.Bg2 Nd4
9.Qd3 Nxe2 10.Nxe2 Rc8 11.O-O Be6 12.b3 Be7 13.h3 Qd7 14.Kh2 d5 15.exd5 Bxd5
16.c4 Bxg2 17.Qxd7+ Nxd7 18.Kxg2 O-O 19.Rd1 Rfd8 20.Nc3 Bc5 21.Nd5 Nb6 22.Nxb6 Bxb6
23.Bb2 f6 24.Kf3 Kf7 25.Ke2 Ke6 26.Bc3 f5 27.h4 h5 28.a4 a6 29.a5 Ba7 30.Rac1 g6
31.Bd2 Bd4 32.Be3 Bxe3 33.Kxe3 Rxd1 34.Rxd1 Rc5 35.Ra1 f4+ 36.Ke4 fxg3 37.fxg3 Kf6
38.Rf1+ Ke6 39.Ra1 Kf6 40.Ra4 g5 41.Rb4 gxh4 42.gxh4 Rxa5 43.Rb6+ Ke7 44.b4 Ra1
45.Kxe5 Rh1 46.Rxb7+ Kd8 47.Kd6 Kc8 48.Rc7+ Kb8 49.Kc6 Rxh4 50.Kb6 Rg4 51.Rb7+ Kc8
52.Rc7+ Kb8 53.Rc6 h4 54.b5 axb5 55.cxb5 Rg7 56.Rh6 Rb7+ 57.Ka5 Ra7+ 58.Kb4 Rg7
59.Rxh4 Kb7 60.Ka5 Rf7 61.Rh6 Rg7 62.Rb6+ Ka7  1/2-1/2

[Event "ch-CZE 2012"]
[Site "Kouty nad Desnou CZE"]
[Date "2012.05.12"]
[Round "1"]
[White "Sochorova,Petra"]
[Black "Voloshin,L"]
[Result "0-1"]
[WhiteElo "2205"]
[BlackElo "2434"]

1.e4 c5 2.Nc3 Nc6 3.Bb5 g6 4.Nge2 Bg7 5.d3 Nd4 6.Bc4 d6 7.O-O e6 8.Nxd4 cxd4
9.Ne2 Ne7 10.Bg5 h6 11.Bh4 g5 12.Bg3 e5 13.c3 dxc3 14.Nxc3 O-O 15.Qh5 Be6
16.Bxe6 fxe6 17.Qg4 Qd7 18.h4 gxh4 19.Bxh4 Kh7 20.Rac1 Nc6 21.Ne2 Bf6 22.f4 Rg8
23.Qh3 Bxh4 24.Qxh4 Qg7 25.Rf2 Raf8 26.Qh3 exf4 27.Rxf4 Nd4 28.Rf2 Rxf2 29.Kxf2 Rf8+
30.Ke1 Nxe2 31.Kxe2 Qxb2+  0-1